000 00397pab a2200157 454500
008 180718b1970 xxu||||| |||| 00| 0 eng d
100 _aShivakumar, J.
245 _aUnion-state financial relations
260 _c1970
300 _ap.203-219.
362 _aApr-Jun
650 _aFederal state relations
773 _aIndian Journal of Public Administration
908 _aN
909 _a100031
999 _c100030
_d100030